<?xml version="1.0" encoding="UTF-8"?>
<record
    xmlns:xsi="http://www.w3.org/2001/XMLSchema-instance"
    xsi:schemaLocation="http://www.loc.gov/MARC21/slim http://www.loc.gov/standards/marcxml/schema/MARC21slim.xsd"
    xmlns="http://www.loc.gov/MARC21/slim">

  <leader>01176nam a2200205 i 4500</leader>
  <controlfield tag="001">63738</controlfield>
  <controlfield tag="003">ES-MaACL</controlfield>
  <controlfield tag="005">20230906164945.0</controlfield>
  <controlfield tag="007">t|</controlfield>
  <controlfield tag="008">031216s1917    cl           ||||1| spa d</controlfield>
  <datafield tag="245" ind1="0" ind2="0">
    <subfield code="a">Fiesta de la raza, 1492-1916 </subfield>
    <subfield code="b">: juegos florales organizados por la Colonia Espa&#xF1;ola de Concepci&#xF3;n (Chile) / </subfield>
    <subfield code="c">pr&#xF3;logo de Olegario S&#xE1;ez Navarro.</subfield>
  </datafield>
  <datafield tag="260" ind1=" " ind2=" ">
    <subfield code="a">Concepci&#xF3;n (Chile) : </subfield>
    <subfield code="b">[s.n.], </subfield>
    <subfield code="c">1917 (</subfield>
    <subfield code="f">Imp. Jos&#xE9; V. Soulodre)</subfield>
  </datafield>
  <datafield tag="300" ind1=" " ind2=" ">
    <subfield code="a">339 p. ; </subfield>
    <subfield code="c">25 cm.</subfield>
  </datafield>
  <datafield tag="505" ind1="8" ind2=" ">
    <subfield code="a">Contiene: C&#xF3;mo nacieron los juegos florales / por Bernardino Corral. Composiciones en verso. Medios pr&#xE1;cticos de un acercamiento m&#xE1;s estrecho entre Espa&#xF1;a y la Am&#xE9;rica espa&#xF1;ola / por Luis Felipe Contardo. La colonizaci&#xF3;n espa&#xF1;ola seg&#xFA;n las leyes de Indias fue la m&#xE1;s humanitaria / por Olegario S&#xE1;ez. La colonizaci&#xF3;n espa&#xF1;ola seg&#xFA;n las leyes de Indias fue la m&#xE1;s humanitaria / por Angel Clavero Navarro. Homenaje literario a la Reina de los juegos florales</subfield>
  </datafield>
  <datafield tag="700" ind1="1" ind2=" ">
    <subfield code="a">Corral, Bernardino.</subfield>
    <subfield code="9">40706</subfield>
  </datafield>
  <datafield tag="700" ind1="1" ind2=" ">
    <subfield code="a">Contardo, Luis Felipe.</subfield>
    <subfield code="9">40262</subfield>
  </datafield>
  <datafield tag="700" ind1="1" ind2=" ">
    <subfield code="a">Clavero Navarro, Angel.</subfield>
    <subfield code="9">39134</subfield>
  </datafield>
  <datafield tag="700" ind1="0" ind2=" ">
    <subfield code="a">S&#xE1;ez Navarro, Olegario.</subfield>
    <subfield code="9">101381</subfield>
  </datafield>
  <datafield tag="852" ind1=" " ind2=" ">
    <subfield code="a">ES-MaACL</subfield>
    <subfield code="j">F-950</subfield>
  </datafield>
  <datafield tag="999" ind1=" " ind2=" ">
    <subfield code="c">63738</subfield>
    <subfield code="d">63738</subfield>
  </datafield>
  <datafield tag="952" ind1=" " ind2=" ">
    <subfield code="0">0</subfield>
    <subfield code="1">0</subfield>
    <subfield code="4">0</subfield>
    <subfield code="7">0</subfield>
    <subfield code="a">ATENEOM</subfield>
    <subfield code="b">ATENEOM</subfield>
    <subfield code="c">DEPO2</subfield>
    <subfield code="d">2008-01-17</subfield>
    <subfield code="e">SC</subfield>
    <subfield code="l">0</subfield>
    <subfield code="o">F-950</subfield>
    <subfield code="p">1066799</subfield>
    <subfield code="r">2023-02-23 00:00:00</subfield>
    <subfield code="w">2023-02-23</subfield>
    <subfield code="y">MONOGRAFIA</subfield>
  </datafield>
</record>
